European Cities with the Most Skyscrapers - Statistics

General Stats
  • This quiz has been taken 623 times
  • The average score is 12 of 15
Answer Stats
Number of skyscrapers City % Correct
80 London
99%
106 Moscow
98%
75 Paris
98%
15 Madrid
97%
20 Milan
92%
12 Berlin
91%
101 Istanbul
91%
36 Frankfurt am Main
90%
16 Barcelona
88%
26 Warsaw
86%
15 Manchester
78%
15 Vienna
73%
18 Kiev
67%
21 Rotterdam
59%
26 Benidorm
19%
No matching quizzes found
Score Distribution
Percent of People with Each Score
Percentile by Number Answered
Your Score History
You have not taken this quiz